00678cam a2200181 a 450000100100000000500170001000800410002704000290006805000250009708200130012210000280013524501200016326001070028330000200039049000290041070000280043983000290046700002219520200930011626.0711201s1970 ag 000 1 spa d aDO-SdBNPbspacLCdBNPHU00aPZ1.H375bFoaPR9276 ann*bnn*1 aLighthall, Frederick F.13aLa ansiedad en relación con el pensamiento y el olvido /cFrederick F. Lighthall ; traducción Aníbal C. Leal. aBuenos Aires :bCentro Regional de Ayuda Técnica ;bAgencia para el Desarrollo Internacional,c1970. a43 p. ;c20 cm.1 aLibreria del Colegiov301 aLeal, Aníbal C.,etr. 0aLibreria del Colegiov30